Como se sumergen los submarinos? / (Record no. 27496)

MARC details
000 -LEADER
fixed length control field 00646nam a22002297a 4500
001 - CONTROL NUMBER
control field sjds
003 - CONTROL NUMBER IDENTIFIER
control field sjds
005 - DATE AND TIME OF LATEST TRANSACTION
control field 20240524124211.0
008 - FIXED-LENGTH DATA ELEMENTS--GENERAL INFORMATION
fixed length control field 230216b |||||||| |||| 00| 0 spa d
020 ## - INTERNATIONAL STANDARD BOOK NUMBER
International Standard Book Number 9789501109139
020 ## - INTERNATIONAL STANDARD BOOK NUMBER
International Standard Book Number 9501109135
020 ## - INTERNATIONAL STANDARD BOOK NUMBER
International Standard Book Number 9789501180718
040 ## - CATALOGING SOURCE
Transcribing agency sjds
041 ## - LANGUAGE CODE
Language code of text/sound track or separate title spa
100 ## - MAIN ENTRY--PERSONAL NAME
Personal name Langley, Andrew
245 10 - TITLE STATEMENT
Title Como se sumergen los submarinos? /
Statement of responsibility, etc. Andrew Langley, Stuart Trotter (Illustrator)
260 ## - PUBLICATION, DISTRIBUTION, ETC. (IMPRINT)
Place of publication, distribution, etc. Buenos Aires :
Name of publisher, distributor, etc. Sigmar,
Date of publication, distribution, etc. c1992
300 ## - PHYSICAL DESCRIPTION
Extent 20 unnumbered pages :
Other physical details color illustrations ;
Dimensions 21 cm
440 ## - SERIES STATEMENT/ADDED ENTRY--TITLE
Title Yo pregunto--
700 ## - ADDED ENTRY--PERSONAL NAME
Personal name Trotter, Stuart
Relator term (Illustrator)
942 ## - ADDED ENTRY ELEMENTS (KOHA)
Koha item type Libro/Book
Holdings
Withdrawn status Lost status Damaged status Not for loan Home library Current library Date acquired Total Checkouts Full call number Barcode Checked out Date last seen Date checked out Price effective from Koha item type Inventory number Total Renewals Shelving location
        Azul y Blanco -- Satellite Azul y Blanco -- Satellite 18/01/2023   JNC 35201696   18/01/2023   18/01/2023 Libro/Book inventory date: 22-1-25    
        Barbudos -- Satellite Barbudos -- Satellite 18/01/2023   JNC 35802082   18/01/2023   18/01/2023 Libro/Book Inventory date: 7/7/25    
        Capulin -- Satellite Capulin -- Satellite 18/01/2023   JNC 35102116   18/01/2023   18/01/2023 Libro/Book Inventory date: 7/7/25    
        Carrizal -- Satellite Carrizal -- Satellite 18/01/2023   JNC 3700495   18/01/2023   18/01/2023 Libro/Book Inventory date: 13-1-25    
        San Juan Del Sur -- Mobile El Baston 01/02/2025 1 JNC 30029623 05/05/2026 31/03/2026 31/03/2026 01/02/2025 Libro/Book Inventory date: 1-2-25    
        Genizero -- Satellite Genizero -- Satellite 18/01/2023   JNC 35602231   18/01/2023   18/01/2023 Libro/Book Inventory date: 7/7/25    
        Las Brisas 1 -- Satellite Las Brisas 1 -- Satellite 24/05/2024   JNC 40002289   24/05/2024   24/05/2024 Libro/Book      
        Las Brisas 2 -- Satellite Las Brisas 2 -- Satellite 30/09/2024   JNC 40102283   30/09/2024   30/09/2024 Libro/Book      
        Las Marias -- Satellite Las Marias -- Satellite 24/05/2024   JNC 3600483   24/05/2024   24/05/2024 Libro/Book inventory date: 30/1/25    
        Las Pampas -- Satellite Las Pampas -- Satellite 18/01/2023   JNC 35702231   18/01/2023   18/01/2023 Libro/Book inventory date: 17-1-25    
        Monte Cristo -- Satellite Monte Cristo -- Satellite 31/10/2024   JNC 40202304   31/10/2024   31/10/2024 Libro/Book      
        San Juan Del Sur -- Mobile Rejega 30/09/2022 1 JNC 33016659 16/06/2023 12/05/2023 12/05/2023 30/09/2022 Libro/Book      
        San Juan Del Sur -- Biblioteca San Juan Del Sur -- Biblioteca 13/01/2024   JN ESpANOL 30026200   13/01/2024   13/01/2024 Libro/Book Inventory date: 15-5-25   Children's Area
        San Juan Del Sur -- Mobile San Juan Del Sur -- Mobile 25/12/2022 3 JNC 33017164   06/11/2024 03/04/2024 25/12/2022 Libro/Book Inventory date: 27-2-25 1  
        San Juan Del Sur -- Mobile San Juan Del Sur -- Mobile 16/02/2023 2 JN 33017175   03/04/2024 06/03/2024 16/02/2023 Libro/Book Inventory date: 10-2-25    
        Zaragoza -- Satellite Zaragoza -- Satellite 18/01/2023   JNC 35502063   18/01/2023   18/01/2023 Libro/Book Inventory date: 7/7/25    

Powered by Koha